Armvyden
| Main Author: | Merian, Matthaeus, der Ältere, 1593-1650 |
|---|---|
| Other Authors: | Merian, Caspar, 1627-1686 |
| Language: | German |
| Published: |
[Frankfurt am Main : Caspar Merian, mezi 1641 a 1700] |
| Online Access: |
Digitalizovaný dokument
Digitalizovaný dokument Digitalizovaný dokument |
| Physical Description: |
1 mapa : mědirytina, podlepená papírem ; 10 x 18 cm na listu 11 x 31 cm |
| LEADER | 02319nem a22005292a 4500 | ||
|---|---|---|---|
| 001 | mzk03001048184 | ||
| 003 | CZ BrMZK | ||
| 005 | 20130617085454.0 | ||
| 007 | aj|aa||| | ||
| 008 | 070406q16411700gw i||||||a|||r|0|||gerod | ||
| 034 | 0 | |a a |d E0034000 |e E0034000 |f N0513000 |g N0513000 | |
| 040 | |a BOA001 |b cze | ||
| 043 | |a e-ne--- | ||
| 072 | 7 | |a 912:904 |x Staré mapy |2 Konspekt |9 7 | |
| 080 | |a (084.3) |2 MRF | ||
| 080 | |a (492) |2 MRF | ||
| 080 | |a 912.43:069.5 |2 MRF | ||
| 100 | 1 | |a Merian, Matthaeus, |c der Ältere, |d 1593-1650 |7 skuk0000861 |4 aut | |
| 245 | 1 | 0 | |a Armvyden |h [kartografický dokument] / |c [Matthäus Merian, Caspar Merian] |
| 255 | |a Měřítko neuvedeno |c (003°40´00" v.d.--003°40´00" v.d./051°30´00" s.š.--051°30´00" s.š.) | ||
| 260 | |a [Frankfurt am Main : |b Caspar Merian, |c mezi 1641 a 1700] | ||
| 300 | |a 1 mapa : |b mědirytina, podlepená papírem ; |c 10 x 18 cm na listu 11 x 31 cm | ||
| 500 | |a K vedutě přitištěn plán opevnění | ||
| 500 | |a Podlepeno papírem o velikosti 58 x 68 cm | ||
| 501 | |a Obsahuje: Přívazek stejného titulu 2. a 3. díl | ||
| 505 | 2 | 0 | |t Armvyden. |g 10 x 11 cm |
| 510 | 3 | |a IKAR | |
| 510 | 4 | |a Kuchař, K. Mapová sbírka B.P. Molla, |c s. 271 | |
| 655 | 7 | |a historické mapy |7 fd186723 |2 czenas | |
| 650 | 0 | 4 | |a Mollova mapová sbírka |
| 650 | 0 | 7 | |a mapové sbírky |z Česko |7 ph182407 |2 czenas |
| 610 | 2 | 7 | |a Moravská zemská knihovna (Brno, Česko). |b Mapová sbírka B.P. Molla |7 mzk2005304487 |2 czenas |
| 651 | 7 | |a Arnemuiden (Nizozemsko) |7 ge766033 |2 czenas | |
| 700 | 1 | |a Merian, Caspar, |d 1627-1686 |7 mzk2010577478 |4 aut | |
| 787 | 0 | 8 | |i Samostatná mapa publikovaná v díle: |t Topographia Germaniae Inferioris |
| 856 | 4 | 1 | |u http://mapy.mzk.cz/mzk03/001/048/184/2619269685_02_02 |y Digitalizovaný dokument |
| 856 | 4 | 1 | |u http://mapy.mzk.cz/mzk03/001/048/184/2619269685_02_01 |y Digitalizovaný dokument |
| 856 | 4 | 1 | |u http://mapy.mzk.cz/mzk03/001/048/184/2619269685_02 |x c |y Digitalizovaný dokument |
| 903 | |a RP | ||
| 910 | |a BOA001 |b Moll-0002.414,přív.1 | ||
| 978 | |b Merian, Caspar - dědici |a Frankfurt a.M. |c 1641-1700 | ||
| 984 | |a Frankfurt nad Mohanem |b Německo | ||
| 985 | |a 1601-1650 | ||
| 985 | |a 1651-1700 | ||
| 990 | |a MP | ||
| 991 | |k mzk | ||
| 994 | |a UP |l MZK03 |b 001048179 |m přívazek 1 |n záznam 1. díla (pro objednání pokračujte kliknutím) | ||
English
Čeština 